Internationales Währungssystem und weltwirtschaftliche Entwicklung <Eine> Herausforderung an die internationale Wirtschaftskooperation
Enregistré dans:
| Format: | Livre |
|---|---|
| Langue: | allemand |
| Publié: |
Baden-Baden
Nomos
1988
|
| Édition: | 1. Aufl. |
| Sujets: | |
| Tags: |
Pas de tags, Soyez le premier à ajouter un tag!
|
MARC
| LEADER | 00000nam a2200000 4500 | ||
|---|---|---|---|
| 001 | c000716 | ||
| 005 | 20221219111729.5 | ||
| 020 | |a 3-7890-1651-9 | ||
| 041 | 0 | |a ger | |
| 044 | |a DE | ||
| 245 | 1 | 0 | |a Internationales Währungssystem und weltwirtschaftliche Entwicklung |b <Eine> Herausforderung an die internationale Wirtschaftskooperation |
| 250 | |a 1. Aufl. | ||
| 264 | 1 | |a Baden-Baden |b Nomos |c 1988 | |
| 300 | |a 415 s. | ||
| 610 | 2 | 0 | |a mena |
| 610 | 2 | 0 | |a politika menová |
| 610 | 2 | 0 | |a zadlženosť zahraničná |
| 610 | 2 | 0 | |a obchod svetový |
| 610 | 2 | 0 | |a kooperácia hospodárska medzinárodná |
| 610 | 2 | 0 | |a hospodárstvo svetové |
| 610 | 2 | 0 | |a Nemecko |
| 610 | 2 | 0 | |a konkurencia |